| 000 | 01261cam a2200337 a 4500 | ||
|---|---|---|---|
| 003 | CHAP | ||
| 005 | 20220817043807.0 | ||
| 008 | 010912d1994 mx 00 spa d | ||
| 010 | _a84599 | ||
| 011 | _a85571 | ||
| 035 | _a96105 | ||
| 040 | _cCHAP | ||
| 100 | 0 | 0 |
_aRosa Díaz de León, Ma. Dolores de la. _999832 |
| 245 | 0 | 0 |
_aCompetitividad del cultivo de maíz en el Distrito de Riego No. 38 Río Mayo, Navojoa, Sonora _c/por Ma. Dolores de la Rosa Díaz de León |
| 260 |
_aChapingo, Méx. : _bEl autor, _c1994. |
||
| 300 |
_a51 h. : _banexo |
||
| 500 | _aTesis (Ing. Agr. Esp. en Economía Agrícola) -- UACH. Departamento de Economía Agrícola | ||
| 590 |
_aBATCH-UPD _b10 _c20130110 _lUCH01 _h0057 |
||
| 590 |
_aBATCH-UPD _b10 _c20130110 _lUCH01 _h1246 |
||
| 590 |
_aBATCH-UPD _b10 _c20130410 _lUCH01 _h0810 |
||
| 590 |
_aBATCH-UPD _b10 _c20130914 _lUCH01 _h1209 |
||
| 590 |
_aCONVERSION _b10 _c20130109 _lUCH01 _h1347 |
||
| 650 | 1 | 4 | _aDistrito de Riego Río Mayo, Son. |
| 650 | 1 | 4 |
_aMaíz _xRendimiento. _971051 |
| 650 | 1 | 4 |
_aPlantas _xCompetencia. _988798 |
| 901 | _aBK | ||
| 905 | _aLilia Sánchez G. | ||
| 942 | _cFOLL | ||
| 949 |
_aTesis _bBC _cTES _d33724000854816 _eTS2 _fc.2 _h38485 _i96105 _sb |
||
| 949 |
_aTesis _bBC _cTES _d961051 _eTS1 _h38484 _i96105 _sb |
||
| 999 |
_c84599 _d84599 |
||